My life, sunrise to sunset / (Record no. 1300)

MARC details
000 -LEADER
fixed length control field 00775nam a2200253 a 4500
005 - DATE AND TIME OF LATEST TRANSACTION
control field 20260322212055.0
008 - FIXED-LENGTH DATA ELEMENTS--GENERAL INFORMATION
fixed length control field data
010 ## - LIBRARY OF CONGRESS CONTROL NUMBER
LC control number 89216019
040 ## - CATALOGING SOURCE
Original cataloging agency DLC
Transcribing agency DLC
050 00 - LIBRARY OF CONGRESS CALL NUMBER
Classification number ML420.A5833
Item number A3 1989
082 00 - DEWEY DECIMAL CLASSIFICATION NUMBER
Classification number B
-- B
Edition information 20
001 - CONTROL NUMBER
control field data
100 1# - MAIN ENTRY--PERSONAL NAME
Personal name Allen, Rex,
Dates associated with a name 1924-
245 10 - TITLE STATEMENT
Title My life, sunrise to sunset /
Statement of responsibility, etc. Rex Allen, Paula Simpson Witt & Snuff Garrett.
250 ## - EDITION STATEMENT
Edition statement 1st ed.
260 ## - PUBLICATION, DISTRIBUTION, ETC.
Place of publication, distribution, etc. Scottsdale, Ariz. (7136 Main Str., Scottsdale 85251) :
Name of publisher, distributor, etc. RexGarRus Press,
Date of publication, distribution, etc. c1989.
300 ## - PHYSICAL DESCRIPTION
Extent 126 p. :
Other physical details ill. (some col.) ;
Dimensions 29 cm.
500 ## - GENERAL NOTE
General note At head of title: The Arizona Cowboy.
600 10 - SUBJECT ADDED ENTRY--PERSONAL NAME
Personal name Allen, Rex,
Dates associated with a name 1924-
650 #0 - SUBJECT ADDED ENTRY--TOPICAL TERM
Topical term or geographic name entry element Singers
General subdivision Biography.
Geographic subdivision United States
700 1# - ADDED ENTRY--PERSONAL NAME
Personal name Simpson Witt, Paula.
700 1# - ADDED ENTRY--PERSONAL NAME
Personal name Garrett, Snuff.
740 0# - ADDED ENTRY--UNCONTROLLED RELATED/ANALYTICAL TITLE
Uncontrolled related/analytical title Arizona Cowboy.
Holdings
Withdrawn status Lost status Damaged status Not for loan Home library Current library Shelving location Date acquired Total checkouts Full call number Barcode Date last seen Price effective from Koha item type
        Centerville Centerville General stacks 22/03/2026   782.42164/2/092 B 20 BC0011343 22/03/2026 22/03/2026 Books